00546nam a2200181 a 4500020001800000082001800018100002100036245001900057260004400076300000900120500003500129505001000164650001300174700002200187942000700209952013100216999001700347 a0195183 00a294.5922bRIC aRichman, Paul Ed aMany Ramayanas aLondan bOxford University Press c1992 a273p aincludes index and biblioraphy2 aIndex aRamayana1 aRichaman, Paul Ed cBK 001040708StackRoom-aHMIbHMId2007-07-26g120.00l3o294.5922 RICp015791r2019-08-26s2019-08-13v120.00w2005-05-24yBK c11677d11677